000 00294nam a2200121Ia 4500
008 190216s9999||||xx |||||||||||||| ||und||
100 _aArthur F Kip
245 0 _aFundamentals Of Electricity And Magnetism
260 _bMcgraw -hill
_c1969
300 _a621p
650 _aPhysics
942 _cBK
999 _c33256
_d33256